[Event "Online Olym Div4 B 2020"]
[Site "chess.com INT"]
[Date "2020.08.02"]
[Round "7.3"]
[Board "1"]
[White "Salman Ali Khan"]
[Black "Nduwayesu, Maranatha"]
[Result "1-0"]
[WhiteElo "1681"]
[BlackElo "1829"]
[WhiteTeam "Pakistan"]
[BlackTeam "Rwanda"]
[WhiteFideId "7803176"]
[BlackFideId "16001109"]
[EventDate "2020.07.31"]
[EventType "team"]

1. d4 Nf6 2. Bf4 e6 3. e3 d5 4. Bd3 c5 5. c3 Nc6 6. Nd2 Be7 7. h3 a6 8. a4 O-O
9. Ngf3 c4 10. Bc2 h6 11. O-O b6 12. e4 dxe4 13. Nxe4 Bb7 14. Qe2 Na5 15. Nxf6+
Bxf6 16. Ne5 Bg5 17. Bxg5 Qxg5 18. f4 Qd8 19. Nxc4 Nxc4 20. Qxc4 a5 21. Qd3 g6
22. Qg3 Kh7 23. Rfe1 Rc8 24. Rxe6 Rg8 25. Re5 Qd6 26. Rae1 Bc6 27. f5 Qf6 28.
fxg6+ fxg6 29. Re6 Qg5 30. Qxg5 hxg5 31. Re7+ Kh6 32. R1e6 b5 33. axb5 Bxb5 34.
Rb6 Be8 35. Rbb7 g4 36. h4 Rh8 37. g3 Bc6 38. Rb6 Rhg8 39. c4 Be8 40. c5 Rf8 41.
Rbb7 Rh8 42. Be4 Ba4 43. Kf2 Rcf8+ 44. Ke3 Rf1 45. c6 Re1+ 46. Kf4 Rf8+ 47. Ke5
Rh8 48. c7 Bc6 49. c8=Q Rxe4+ 50. Kd6 Rxd4+ 51. Kc5 Rd5+ 52. Kxc6 Rxc8+ 53. Kxd5
Rd8+ 54. Kc5 Rh8 55. Kb5 1-0

[Event "Online Olym Div4 B 2020"]
[Site "chess.com INT"]
[Date "2020.08.02"]
[Round "7.4"]
[Board "1"]
[White "Paiva, Donaldo"]
[Black "Alothman, Abdul Wahab"]
[Result "1-0"]
[WhiteTitle "CM"]
[BlackTitle "FM"]
[WhiteElo "2230"]
[BlackElo "1930"]
[WhiteTeam "Mozambique"]
[BlackTeam "Kuwait"]
[WhiteFideId "14800098"]
[BlackFideId "10300015"]
[EventDate "2020.07.31"]
[EventType "team"]

1. e4 e5 2. Nf3 Nc6 3. Bb5 a6 4. Ba4 Nf6 5. O-O Be7 6. Re1 b5 7. Bb3 d6 8. c3
O-O 9. h3 Na5 10. Bc2 c5 11. d4 Qc7 12. Nbd2 cxd4 13. cxd4 Nc6 14. Nb3 a5 15. d5
Nb4 16. Bb1 a4 17. Bd2 Na6 18. Na5 Bd7 19. b4 Qb8 20. Bd3 Bd8 21. Nc6 Bxc6 22.
dxc6 Bb6 23. Qe2 Nc7 24. Bg5 Qd8 25. Bxb5 h6 26. Bxf6 Qxf6 27. Bc4 Ne6 28. Bxe6
fxe6 29. Red1 d5 30. exd5 exd5 31. Qxe5 Bxf2+ 32. Kh1 Qxc6 33. Qxd5+ Qxd5 34.
Rxd5 a3 35. b5 Rfd8 36. Rad1 Rxd5 37. Rxd5 Rc8 38. g4 Rc2 39. Rd2 Rb2 40. Rxb2
axb2 41. Nd2 Kf7 42. Kg2 Bb6 43. Kf3 Ke6 44. Ke4 Kd6 45. Kd3 Ba5 46. Nc4+ Kc5
47. Nxb2 Kxb5 48. Ke4 Kb4 49. Kf5 Bd8 50. Kg6 Bf6 51. Nd3+ Ka3 52. Nf4 Kxa2 53.
Nh5 Bg5 54. Nxg7 Kb3 55. Nf5 1-0

[Event "Online Olym Div4 B 2020"]
[Site "chess.com INT"]
[Date "2020.08.02"]
[Round "7.4"]
[Board "2"]
[White "Hashem, Khaled"]
[Black "Calicoca, Wilton Inacio"]
[Result "0-1"]
[WhiteTitle "CM"]
[BlackTitle "FM"]
[WhiteElo "1908"]
[BlackElo "2122"]
[WhiteTeam "Kuwait"]
[BlackTeam "Mozambique"]
[WhiteFideId "10300201"]
[BlackFideId "14800268"]
[EventDate "2020.07.31"]
[EventType "team"]

1. d4 d5 2. c4 e6 3. Nc3 Nf6 4. Nf3 c6 5. g3 dxc4 6. a4 Bb4 7. Bg2 Nd5 8. Qc2
O-O 9. O-O Nxc3 10. bxc3 Be7 11. Ne5 Nd7 12. Nxc4 Nb6 13. Ne5 Bf6 14. Ng4 Be7
15. e4 c5 16. a5 Nd7 17. d5 exd5 18. exd5 Bd6 19. Ne3 Ne5 20. Nf5 Bxf5 21. Qxf5
Qd7 22. Qh5 c4 23. Bf4 g6 24. Qh6 Ng4 25. Qh3 Bxf4 26. gxf4 f5 27. Qf3 Rfe8 28.
Rfe1 Nf6 29. Re6 Ne4 30. Rxe8+ Rxe8 31. Bf1 Qxd5 32. Qe2 Nd6 33. Qc2 Qe4 34. Qd2
Qc6 35. Bg2 Ne4 36. Qd4 Qe6 37. Qxa7 Nxc3 38. Qxb7 Ne2+ 39. Kf1 Nxf4 40. Bf3 Qe5
41. Rd1 Qxa5 42. Qc6 Qe5 43. Qxc4+ Kh8 44. Qc6 g5 45. Bh5 Nxh5 0-1

[Event "Online Olym Div4 B 2020"]
[Site "chess.com INT"]
[Date "2020.08.02"]
[Round "7.4"]
[Board "3"]
[White "Vilhete, Vania Fausto Da T."]
[Black "Alawadhi, Amenah"]
[Result "1-0"]
[WhiteTitle "WIM"]
[BlackTitle "WCM"]
[WhiteElo "1799"]
[BlackElo "1327"]
[WhiteTeam "Mozambique"]
[BlackTeam "Kuwait"]
[WhiteFideId "14800144"]
[BlackFideId "10301100"]
[EventDate "2020.07.31"]
[EventType "team"]

1. d4 d5 2. c4 e6 3. Nc3 h6 4. e3 Nf6 5. Nf3 c5 6. Bd3 Nc6 7. a3 a6 8. O-O dxc4
9. Bxc4 b5 10. Bd3 cxd4 11. exd4 Be7 12. h3 Nxd4 13. Nxd4 O-O 14. Nf3 Qb6 15.
Be3 Qd6 16. Qe2 Bb7 17. Rfd1 Qc6 18. Rac1 Qe8 19. Bb1 Qb8 20. Bd4 Qf4 21. Be3
Qb8 22. Bd2 Qa7 23. Ne4 Nd5 24. Bc3 Rac8 25. Nd4 Rfd8 26. Qg4 Kh8 27. Nxe6 Rg8
28. Bxg7+ 1-0

[Event "Online Olym Div4 B 2020"]
[Site "chess.com INT"]
[Date "2020.08.02"]
[Round "7.4"]
[Board "4"]
[White "Almutawaa, Salma"]
[Black "Castro, Neusa Aridas De"]
[Result "0-1"]
[BlackTitle "WCM"]
[WhiteElo "1009"]
[BlackElo "1512"]
[WhiteTeam "Kuwait"]
[BlackTeam "Mozambique"]
[WhiteFideId "10302867"]
[BlackFideId "14800250"]
[EventDate "2020.07.31"]
[EventType "team"]

1. e4 e6 2. d4 d5 3. e5 c5 4. c3 Qb6 5. Nf3 Nc6 6. Bd3 Bd7 7. O-O cxd4 8. cxd4
Nxd4 9. Nxd4 Qxd4 10. Nc3 Qxe5 11. Re1 Qc7 12. Nxd5 Qc6 13. Qb3 a6 14. Bf4 Kd8
15. Bc7+ Ke8 16. Rac1 Bc5 17. Bg3 Rc8 18. Kh1 Kd8 19. Nb4 Qb6 20. a3 a5 21. Be5
f6 22. Bg3 axb4 23. axb4 Qxb4 24. Qa2 Ne7 25. Qb1 Qb6 26. Bxh7 f5 27. Bxf5 Nxf5
28. Re2 Nxg3+ 29. fxg3 Qc7 30. Qg6 Rf8 31. Qxg7 Qd6 32. Qg5+ Qe7 33. Rxc5 Rf1# 0-1

[Event "Online Olym Div4 B 2020"]
[Site "chess.com INT"]
[Date "2020.08.02"]
[Round "7.4"]
[Board "5"]
[White "Vasco, Mateus Felizardo Viageiro"]
[Black "Alothman, Salem"]
[Result "0-1"]
[WhiteElo "1862"]
[BlackElo "1558"]
[WhiteTeam "Mozambique"]
[BlackTeam "Kuwait"]
[WhiteFideId "14800403"]
[BlackFideId "10301186"]
[EventDate "2020.07.31"]
[EventType "team"]

1. e4 e5 2. Nf3 Nc6 3. Bb5 a6 4. Ba4 Nf6 5. d3 Bc5 6. O-O d6 7. c3 O-O 8. Bg5 h6
9. Bh4 Bg4 10. Nbd2 g5 11. Bg3 Nh5 12. b4 Nxg3 13. hxg3 Ba7 14. Bb3 Kh8 15. Qc1
Qd7 16. Nh2 Be2 17. Re1 Bxd3 18. g4 Ne7 19. Qd1 Bb5 20. g3 Ng8 21. Kg2 Nf6 22.
Qf3 Kg7 23. a4 Bc6 24. c4 b5 25. cxb5 axb5 26. a5 Bd4 27. Rac1 Bb7 28. Qf5 Qxf5
29. gxf5 c5 30. Nhf3 c4 31. Nxd4 exd4 32. Bxc4 bxc4 33. Nxc4 Bxe4+ 34. f3 Bxf5
35. Nxd6 Be6 36. Red1 Rfd8 37. Rxd4 Ra6 38. Nf5+ Bxf5 39. Rxd8 Be6 40. Ra1 Nd5
41. b5 Ra7 0-1

[Event "Online Olym Div4 B 2020"]
[Site "chess.com INT"]
[Date "2020.08.02"]
[Round "7.5"]
[Board "1"]
[White "Michaelides, Konstantinos"]
[Black "Hamad, Ahmad"]
[Result "0-1"]
[WhiteTitle "CM"]
[BlackTitle "FM"]
[WhiteElo "2260"]
[BlackElo "2207"]
[WhiteTeam "Cyprus"]
[BlackTeam "Syria"]
[WhiteFideId "5901871"]
[BlackFideId "7600364"]
[EventDate "2020.07.31"]
[EventType "team"]

1. d4 g6 2. Nf3 Bg7 3. c3 d6 4. e4 c6 5. Bd3 e5 6. dxe5 dxe5 7. O-O Qe7 8. Re1
Nf6 9. Bg5 Nbd7 10. Nbd2 h6 11. Bh4 Nc5 12. Bf1 b5 13. b4 Na4 14. Qc2 O-O 15. c4
a6 16. c5 a5 17. a3 axb4 18. axb4 g5 19. Bg3 Nh5 20. Nc4 Nf4 21. Ne3 Be6 22. Nf5
Qc7 23. Red1 Rfd8 24. Nd6 f6 25. Bxf4 gxf4 26. Nh4 Bf8 27. Nhf5 Kh7 28. Be2 Bxd6
29. Nxd6 Rg8 30. Nf5 Bxf5 31. exf5 Rad8 32. Bh5 Rxd1+ 33. Rxd1 Rd8 34. Bg6+ Kg7
35. Rd2 Rd4 36. h4 Qd8 37. Rxd4 exd4 38. Qe4 d3 39. Qe6 Qc7 40. Be8 Nc3 41. Bd7
Qe5 42. Qxc6 d2 43. Qb7 d1=Q+ 44. Kh2 f3+ 45. g3 Qe7 0-1

[Event "Online Olym Div4 B 2020"]
[Site "chess.com INT"]
[Date "2020.08.02"]
[Round "7.5"]
[Board "2"]
[White "Hilwani, Talal"]
[Black "Damianou, Ioannis"]
[Result "0-1"]
[BlackTitle "CM"]
[WhiteElo "2274"]
[BlackElo "2202"]
[WhiteTeam "Syria"]
[BlackTeam "Cyprus"]
[WhiteFideId "7600410"]
[BlackFideId "5902355"]
[EventDate "2020.07.31"]
[EventType "team"]

1. Nf3 Nf6 2. c4 g6 3. Nc3 Bg7 4. g3 d6 5. Bg2 O-O 6. O-O e5 7. d3 c6 8. Rb1 a5
9. a3 Re8 10. Bg5 h6 11. Bxf6 Bxf6 12. Nd2 Be6 13. b4 axb4 14. axb4 Qc7 15. b5
Nd7 16. Qc2 Nc5 17. Nde4 Nxe4 18. Nxe4 Be7 19. Rb2 Rec8 20. Rc1 Qa5 21. bxc6
bxc6 22. Rb7 Ra7 23. Qb2 Rc7 24. Rb8+ Kg7 25. c5 Rd7 26. cxd6 Bxd6 27. Nxd6 Rxd6
28. Bxc6 Rxc6 29. Rxc6 Qe1+ 30. Kg2 Bd5+ 31. f3 Bxc6 32. Qxe5+ f6 33. Qe6 Rf7
34. d4 Bd7 35. Qe4 Bh3+ 36. Kxh3 Qf1+ 37. Kh4 g5+ 38. Kg4 f5+ 39. Qxf5 Rxf5 40.
Kxf5 Qxe2 41. Rb7+ Kf8 42. Rb8+ Ke7 43. Rb7+ Kd6 44. Rb6+ Kd5 45. Rxh6 Qxf3+ 46.
Kxg5 Qe3+ 47. Kg6 Kxd4 48. Rh4+ Ke5 49. Rf4 Qg1 50. Kg5 Qxh2 51. Kg4 Qe2+ 52.
Kh3 Qh5+ 53. Kg2 Qh7 54. Kg1 Qh3 55. Kf2 Qh1 56. Rh4 Qd1 57. Rf4 Qd2+ 58. Kf1
Qh2 59. Rf3 Ke4 60. Rb3 Qc2 61. Rb4+ Kf3 62. Rf4+ Kxg3 63. Rf8 Qd1# 0-1

[Event "Online Olym Div4 B 2020"]
[Site "chess.com INT"]
[Date "2020.08.02"]
[Round "7.5"]
[Board "3"]
[White "Ioannides Liu, Alice"]
[Black "Mahmoud, Roula"]
[Result "0-1"]
[BlackTitle "WFM"]
[WhiteElo "1287"]
[BlackElo "1771"]
[WhiteTeam "Cyprus"]
[BlackTeam "Syria"]
[WhiteFideId "5904374"]
[BlackFideId "7601263"]
[EventDate "2020.07.31"]
[EventType "team"]

1. e4 c5 2. Nf3 e6 3. d4 cxd4 4. Nxd4 a6 5. Be2 d6 6. O-O Nf6 7. Nc3 Be7 8. Be3
O-O 9. Qd2 h6 10. Rad1 Qc7 11. a3 Nbd7 12. b4 b5 13. a4 bxa4 14. Nxa4 Nxe4 15.
Qd3 Bb7 16. f3 Nc3 17. Nxc3 Rac8 18. Bd2 Ne5 19. Qe3 Ng6 20. b5 e5 21. Nf5 Bg5
22. Qd3 Bxd2 23. Qxd2 Qxc3 24. Nxd6 Qc5+ 25. Kh1 Rc7 26. Nxb7 Rxb7 27. bxa6 Ra7
28. c3 Nf4 29. Ra1 Nxe2 30. Qxe2 Qxc3 31. Rfc1 Qd4 32. Rd1 Qf4 33. g3 Qf6 34.
Kg2 Rb8 35. Rd5 e4 36. Ra2 exf3+ 37. Qxf3 Rb2+ 38. Rxb2 Qxb2+ 39. Qf2 Qxf2+ 40.
Kxf2 Rxa6 41. h4 g6 42. Kf3 Kg7 43. Re5 Rf6+ 44. Ke4 Re6 45. Rxe6 fxe6 46. Ke5
Kf7 47. g4 g5 48. hxg5 hxg5 49. Ke4 Kf6 50. Kf3 Ke5 51. Ke3 Kd5 52. Kd3 e5 53.
Ke3 e4 54. Ke2 Kd4 55. Kd2 e3+ 56. Ke2 Ke4 57. Ke1 Kf3 58. Kf1 Kxg4 59. Ke2 Kf4
60. Ke1 g4 61. Ke2 g3 62. Ke1 g2 63. Ke2 Ke4 64. Ke1 Kf3 65. Kd1 g1=Q+ 66. Kc2
Qg5 67. Kd3 Qd5+ 68. Kc3 e2 69. Kb4 e1=Q+ 70. Ka3 Qb1 71. Ka4 Qda2# 0-1

[Event "Online Olym Div4 B 2020"]
[Site "chess.com INT"]
[Date "2020.08.02"]
[Round "7.5"]
[Board "4"]
[White "Yazji, Mada"]
[Black "Sokolova, Larisa"]
[Result "1/2-1/2"]
[WhiteElo "1704"]
[BlackElo "1642"]
[WhiteTeam "Syria"]
[BlackTeam "Cyprus"]
[WhiteFideId "7602065"]
[BlackFideId "5904919"]
[EventDate "2020.07.31"]
[EventType "team"]

1. e4 c5 2. Nf3 d6 3. Bb5+ Bd7 4. Bxd7+ Nxd7 5. O-O Ngf6 6. Qe2 e6 7. c3 Be7 8.
d4 O-O 9. e5 dxe5 10. dxe5 Nd5 11. c4 Nb4 12. Nc3 a6 13. a3 Nc6 14. Bf4 Qc7 15.
Rad1 Rad8 16. Rd2 Rfe8 17. Rfd1 Nf8 18. Ne4 Ng6 19. Bg3 Ncxe5 20. Nxe5 Nxe5 21.
Nxc5 Rxd2 22. Rxd2 Qxc5 23. Bxe5 Bg5 24. Rd1 Rc8 25. b3 Qxa3 26. Qg4 Qxb3 27.
Bxg7 Kxg7 28. Qxg5+ Kf8 29. Rd8+ Rxd8 30. Qxd8+ Kg7 31. Qg5+ Kf8 32. Qd8+ Kg7
33. Qg5+ Kf8 34. Qd8+ 1/2-1/2

[Event "Online Olym Div4 B 2020"]
[Site "chess.com INT"]
[Date "2020.08.02"]
[Round "7.5"]
[Board "5"]
[White "Hadjinicolaou, Andreas"]
[Black "Koniahli, Malek."]
[Result "0-1"]
[BlackTitle "FM"]
[WhiteElo "1710"]
[BlackElo "2261"]
[WhiteTeam "Cyprus"]
[BlackTeam "Syria"]
[WhiteFideId "5901103"]
[BlackFideId "7603495"]
[EventDate "2020.07.31"]
[EventType "team"]

1. d4 Nf6 2. c4 e6 3. Nf3 d5 4. g3 c5 5. Bg2 Nc6 6. dxc5 Bxc5 7. a3 dxc4 8.
Qxd8+ Nxd8 9. Nbd2 c3 10. bxc3 Nc6 11. O-O O-O 12. Nb3 Bb6 13. Nfd4 Bd7 14. Rd1
Rac8 15. Nb5 Ne5 16. Bxb7 Bxb5 17. Bxc8 Rxc8 18. Nd4 Ba4 19. Rd2 Ne4 20. Rb2
Nxc3 21. e3 Nd3 22. Rd2 Nxc1 23. Rxc1 Bxd4 24. exd4 Ne2+ 25. Rxe2 Rxc1+ 26. Kg2
Bc6+ 27. f3 Rc3 28. Rb2 g5 29. a4 g4 30. Rf2 Bxf3+ 31. Kg1 Ra3 32. a5 Rxa5 33.
Rf1 Ra4 34. Rf2 Rxd4 35. Rf1 a5 36. h3 a4 37. hxg4 Rd1 38. Rxd1 Bxd1 39. Kf2 a3
40. Ke1 Bxg4 41. Kd2 a2 42. Ke3 a1=Q 43. Kf4 Qd4+ 44. Kg5 Bf5 45. Kh5 Qg4+ 0-1

[Event "Online Olym Div4 B 2020"]
[Site "chess.com INT"]
[Date "2020.08.02"]
[Round "7.5"]
[Board "6"]
[White "Khalil, Manar"]
[Black "Sarkisian, Aikaterina"]
[Result "1-0"]
[WhiteElo "1793"]
[BlackElo "1016"]
[WhiteTeam "Syria"]
[BlackTeam "Cyprus"]
[WhiteFideId "7604661"]
[BlackFideId "5905265"]
[EventDate "2020.07.31"]
[EventType "team"]

1. e4 c5 2. Nf3 Nc6 3. d4 cxd4 4. Nxd4 Nf6 5. Nc3 e5 6. Ndb5 d6 7. Bg5 Be7 8.
Be2 O-O 9. O-O a6 10. Na3 b5 11. Bxf6 Bxf6 12. Nd5 Bg5 13. c3 Be6 14. Nc2 Bxd5
15. Qxd5 Ne7 16. Qd3 d5 17. Rfd1 dxe4 18. Qxe4 Qc7 19. a4 Rab8 20. axb5 Rxb5 21.
Bxb5 axb5 22. Nb4 Ng6 23. Ra8 Rxa8 24. Qxa8+ Nf8 25. Qe8 g6 26. Qxb5 Kg7 27. Nd5
Qd8 28. Ne3 Qf6 29. Ng4 Qf5 30. Qxe5+ f6 31. Qxf5 gxf5 32. Ne3 Kg6 33. b4 Ne6
34. c4 Nc7 35. b5 Bf4 36. Nd5 Nxd5 37. Rxd5 1-0

[Event "Online Olym Div4 B 2020"]
[Site "chess.com INT"]
[Date "2020.08.02"]
[Round "8.1"]
[Board "1"]
[White "Beukes, Dante M"]
[Black "Chekh Adm Khedr, Aram"]
[Result "0-1"]
[WhiteTitle "IM"]
[WhiteElo "2206"]
[BlackElo "2074"]
[WhiteTeam "Namibia"]
[BlackTeam "Syria"]
[WhiteFideId "15200540"]
[BlackFideId "7601948"]
[EventDate "2020.07.31"]
[EventType "team"]

1. e4 c5 2. Nf3 e6 3. c3 d5 4. e5 d4 5. Bd3 Nc6 6. O-O Nge7 7. Qe2 Ng6 8. Qe4
Be7 9. g3 Qd5 10. Re1 Qxe4 11. Rxe4 O-O 12. Na3 b6 13. Re1 Bb7 14. Be4 Rfd8 15.
d3 Rac8 16. Nc2 Ba6 17. cxd4 cxd4 18. Bxc6 Rxc6 19. Ncxd4 Rcc8 20. Be3 Bxd3 21.
Rac1 Bc4 22. h4 h5 23. b3 Bd5 24. Bd2 Rxc1 25. Bxc1 Bb4 26. Bg5 Rd7 27. Rc1 Bc5
28. b4 Bxb4 29. Rc8+ Kh7 30. Be3 f6 31. exf6 gxf6 32. Nh2 Bxa2 33. Kg2 Ne7 34.
Ra8 Bd5+ 35. Kh3 Bxa8 36. g4 e5 37. Nc2 Nd5 38. gxh5 Be7 39. Ng4 Nf4+ 40. Bxf4
exf4 41. Ne1 Rd1 42. Ng2 Rh1+ 43. Nh2 Bxg2+ 44. Kxg2 Rxh2+ 45. Kxh2 a5 46. Kg2
a4 47. Kf3 a3 48. Kxf4 a2 49. h6 a1=Q 50. Kg3 Qe5+ 51. Kg2 Kxh6 52. f4 Qxf4 53.
Kh3 b5 54. Kg2 b4 55. Kh3 b3 56. h5 b2 57. Kg2 b1=Q 58. Kh3 Qh1# 0-1

[Event "Online Olym Div4 B 2020"]
[Site "chess.com INT"]
[Date "2020.08.02"]
[Round "8.1"]
[Board "2"]
[White "Hilwani, Talal"]
[Black "Shidolo, Simon Hatwiikulipi"]
[Result "1-0"]
[WhiteElo "2274"]
[BlackElo "1874"]
[WhiteTeam "Syria"]
[BlackTeam "Namibia"]
[WhiteFideId "7600410"]
[BlackFideId "15200442"]
[EventDate "2020.07.31"]
[EventType "team"]

1. Nf3 d5 2. c4 e6 3. g3 c6 4. b3 f5 5. Bg2 Nf6 6. O-O Bd6 7. Ba3 O-O 8. Bxd6
Qxd6 9. d4 Nbd7 10. Nbd2 b6 11. Qc2 Ba6 12. Rac1 Rac8 13. Rfd1 Rfd8 14. e3 c5
15. Qb2 cxd4 16. Nxd4 Ne5 17. Qb1 dxc4 18. bxc4 Nxc4 19. Nxf5 Qf8 20. Nd4 Nxd2
21. Rxd2 Qe8 22. Rdd1 Bc4 23. h3 b5 24. Nb3 Nd5 25. Na5 Be2 26. Re1 Rxc1 27.
Qxc1 Rc8 28. Qd2 Bh5 29. g4 Bf7 30. e4 Nb6 31. Qb4 a6 32. e5 Qd8 33. Nc6 Nd5 34.
Bxd5 Qxd5 35. Ne7+ Kf8 36. Nxd5+ 1-0

[Event "Online Olym Div4 B 2020"]
[Site "chess.com INT"]
[Date "2020.08.02"]
[Round "8.1"]
[Board "3"]
[White "Van Wyk, Keisha C"]
[Black "Mahmoud, Roula"]
[Result "0-1"]
[BlackTitle "WFM"]
[WhiteElo "1121"]
[BlackElo "1771"]
[WhiteTeam "Namibia"]
[BlackTeam "Syria"]
[WhiteFideId "15200574"]
[BlackFideId "7601263"]
[EventDate "2020.07.31"]
[EventType "team"]

1. e4 c5 2. Nf3 e6 3. d4 cxd4 4. Nxd4 Nf6 5. Nc3 a6 6. Be2 Be7 7. O-O Qc7 8. Be3
O-O 9. Qd2 b5 10. a3 Bb7 11. Bf3 d6 12. b4 Nbd7 13. Rac1 Rac8 14. Nde2 Ne5 15.
Qe1 Nfd7 16. Bd2 Nxf3+ 17. gxf3 Ne5 18. Qd1 Nxf3+ 19. Kh1 d5 20. Ng3 dxe4 21.
Qe2 Nxd2 22. Qxd2 e3+ 23. Kg1 exd2 24. Rcd1 Qxc3 25. Ne2 Qf3 26. Nf4 Qh1# 0-1

[Event "Online Olym Div4 B 2020"]
[Site "chess.com INT"]
[Date "2020.08.02"]
[Round "8.1"]
[Board "4"]
[White "Yazji, Mada"]
[Black "Horn, Caro"]
[Result "1-0"]
[WhiteElo "1704"]
[BlackElo "1097"]
[WhiteTeam "Syria"]
[BlackTeam "Namibia"]
[WhiteFideId "7602065"]
[BlackFideId "15200884"]
[EventDate "2020.07.31"]
[EventType "team"]

1. e4 e6 2. d4 d5 3. Nc3 c5 4. exd5 exd5 5. Nf3 Nc6 6. Be2 Nf6 7. O-O Qb6 8.
dxc5 Bxc5 9. Na4 Qa5 10. Nxc5 Qxc5 11. Be3 Qd6 12. c4 O-O 13. cxd5 Nxd5 14. Qd2
Be6 15. Rfd1 Rad8 16. Rac1 Ncb4 17. Bc5 Qd7 18. Bxb4 Nxb4 19. Qxb4 Qe8 20. Rxd8
Qxd8 21. Qxb7 Bxa2 22. b3 h6 23. h3 Qa5 24. Bc4 Qa3 25. Re1 Qb2 26. Re7 Qa1+ 27.
Kh2 Qf6 28. Re1 a5 29. Qb5 Ra8 30. Qa4 Bxb3 31. Bxb3 Qd6+ 32. Kg1 Qd8 33. Ne5
Qe7 34. Bxf7+ Kh8 35. Ng6+ Kh7 36. Nxe7 1-0

[Event "Online Olym Div4 B 2020"]
[Site "chess.com INT"]
[Date "2020.08.02"]
[Round "8.1"]
[Board "5"]
[White "Ndahangwapo, Heskiel"]
[Black "Koniahli, Malek."]
[Result "0-1"]
[BlackTitle "FM"]
[WhiteElo "1883"]
[BlackElo "2261"]
[WhiteTeam "Namibia"]
[BlackTeam "Syria"]
[WhiteFideId "15202020"]
[BlackFideId "7603495"]
[EventDate "2020.07.31"]
[EventType "team"]

1. e4 g6 2. Nc3 Bg7 3. g3 d6 4. Bg2 c5 5. f4 Nc6 6. Nf3 e6 7. d3 Nge7 8. O-O a6
9. h3 b5 10. a3 Bb7 11. Qe2 Rc8 12. Be3 Qc7 13. f5 gxf5 14. exf5 Nxf5 15. Qf2
Nxe3 16. Qxe3 Nd4 17. Qg5 O-O 18. Rac1 Kh8 19. Nxd4 Bxd4+ 20. Kh2 Bxg2 21. Kxg2
Rg8 22. Qh4 f5 23. Rce1 Rg6 24. Ne2 Rcg8 25. Rf3 Qc6 26. Nxd4 cxd4 27. Qxd4+ e5
28. Qf2 Rxg3+ 29. Qxg3 Rxg3+ 30. Kxg3 f4+ 31. Kf2 Qxc2+ 32. Re2 Qc5+ 33. Kg2 a5
34. Rf1 Qd5+ 35. Rf3 Kg7 36. Rc2 Qb3 37. Rd2 Kf6 38. d4 Qa2 39. dxe5+ dxe5 40.
Rff2 Kf5 41. Rd8 Qf7 42. Kh2 e4 43. Rb8 e3 44. Rxb5+ Ke4 45. Rg2 f3 46. Rg4+ Kd3
47. Rb3+ Qxb3 48. Rg3 Qb8 0-1

[Event "Online Olym Div4 B 2020"]
[Site "chess.com INT"]
[Date "2020.08.02"]
[Round "8.1"]
[Board "6"]
[White "Khalil, Manar"]
[Black "Abraham, Siglinde I"]
[Result "1-0"]
[WhiteElo "1793"]
[BlackElo "1055"]
[WhiteTeam "Syria"]
[BlackTeam "Namibia"]
[WhiteFideId "7604661"]
[BlackFideId "15205886"]
[EventDate "2020.07.31"]
[EventType "team"]

1. e4 e5 2. Nf3 Nc6 3. d4 exd4 4. Nxd4 Nxd4 5. Qxd4 d6 6. Nc3 Be7 7. Bc4 Nf6 8.
Bd2 O-O 9. O-O-O Re8 10. f3 c6 11. Bf4 Be6 12. Bxe6 fxe6 13. Bxd6 Bxd6 14. Qxd6
Qxd6 15. Rxd6 Rad8 16. Rhd1 Rxd6 17. Rxd6 e5 18. Na4 h6 19. Nc5 b6 20. Nd3 c5
21. a4 Kf7 22. Rc6 Re6 23. Rc7+ Re7 24. Nxe5+ Ke6 25. Rxe7+ Kxe7 26. Nc6+ Kd6
27. Nxa7 Nh5 28. Kd2 Nf4 29. g3 Ng6 30. Ke3 Kc7 31. f4 Ne7 32. f5 Kb7 33. Nb5
Ka6 34. g4 Ka5 35. b3 Kb4 36. e5 Nd5+ 37. Ke4 Ne7 38. f6 Ng6 39. f7 c4 40. bxc4
Kxc4 41. e6 Kb4 42. e7 Kxa4 43. e8=Q Kb4 44. f8=Q+ Nxf8 45. Qxf8+ Kxb5 46. Kd5
Ka6 47. Kc6 b5 48. Qa8# 1-0

[Event "Online Olym Div4 B 2020"]
[Site "chess.com INT"]
[Date "2020.08.02"]
[Round "8.2"]
[Board "1"]
[White "Alothman, Abdul Wahab"]
[Black "Michaelides, Konstantinos"]
[Result "1-0"]
[WhiteTitle "FM"]
[BlackTitle "CM"]
[WhiteElo "1930"]
[BlackElo "2260"]
[WhiteTeam "Kuwait"]
[BlackTeam "Cyprus"]
[WhiteFideId "10300015"]
[BlackFideId "5901871"]
[EventDate "2020.07.31"]
[EventType "team"]

1. d4 Nf6 2. Nf3 e6 3. e3 b6 4. Bd3 Bb7 5. O-O Be7 6. c4 d6 7. Nbd2 Nbd7 8. b3
e5 9. Qc2 O-O 10. Bb2 exd4 11. exd4 h6 12. Rfe1 Re8 13. Nh4 d5 14. Nf5 Bf8 15.
cxd5 Nxd5 16. a3 g6 17. Ng3 Bg7 18. Nc4 Qh4 19. Ne5 Nxe5 20. dxe5 Rad8 21. e6
Rxe6 22. Rxe6 fxe6 23. Bxg6 Nf4 24. Bh7+ Kh8 25. Bxg7+ Kxg7 26. Qxc7+ Kh8 27.
Qxb7 Qf6 28. Rb1 Qd4 29. h3 Rd7 30. Qe4 Qf6 31. Rc1 Nd3 32. Rc8+ Kg7 33. Qg4+
Kf7 34. Bxd3 Qa1+ 35. Kh2 Rxd3 36. Rc7+ Kf8 37. Qf4+ Ke8 38. Qf7+ Kd8 39. Qe7# 1-0

[Event "Online Olym Div4 B 2020"]
[Site "chess.com INT"]
[Date "2020.08.02"]
[Round "8.2"]
[Board "2"]
[White "Damianou, Ioannis"]
[Black "Hashem, Khaled"]
[Result "1-0"]
[WhiteTitle "CM"]
[BlackTitle "CM"]
[WhiteElo "2202"]
[BlackElo "1908"]
[WhiteTeam "Cyprus"]
[BlackTeam "Kuwait"]
[WhiteFideId "5902355"]
[BlackFideId "10300201"]
[EventDate "2020.07.31"]
[EventType "team"]

1. e4 b6 2. d4 Bb7 3. Nc3 e6 4. Nf3 Bb4 5. Bd3 Nf6 6. e5 Ne4 7. O-O Bxc3 8. bxc3
Nxc3 9. Qe1 Nd5 10. Bg5 Ne7 11. Nd2 h6 12. Bh4 Nbc6 13. c3 Qc8 14. f4 g6 15. Bf6
Rg8 16. Ne4 Ba6 17. Qe2 Bxd3 18. Qxd3 Nd5 19. c4 Qa6 20. Rf3 Ndb4 21. Qc3 Nxd4
22. Qxd4 Nc2 23. Nd6+ Kf8 24. Qe4 Rb8 25. Qxc2 cxd6 26. Qd2 b5 27. Rb1 dxe5 28.
fxe5 Ke8 29. cxb5 Rxb5 30. Rxb5 Qxb5 31. Rc3 Qb7 32. Qc2 Qb6+ 33. Kh1 d5 34. Rb3
Qa6 35. Rb8+ Kd7 36. Rb1 Rc8 37. Qb3 Rc7 38. h3 h5 39. Qb4 Ke8 40. Qb8+ Qc8 41.
Qxc8+ Rxc8 42. Rb7 Ra8 43. a4 a6 44. a5 Kf8 45. Kh2 Ke8 46. Kg3 Rc8 47. Kf4 Rc4+
48. Kg5 Rc5 49. Re7+ Kf8 50. Ra7 Kg8 51. Ra8+ Kh7 52. Rh8# 1-0